MARC

LEADER 00000nam1a2200000 4500
001 251135
005 20231101232629.0
010 |a 537600077X 
020 |a RU  |b 89-16200 
035 |a (RuTPU)RU\TPU\book\273397 
090 |a 251135 
100 |a 20140219d1989 k a0rusy5003 ca 
101 0 |a rus 
102 |a MD 
200 1 |a Аппаратно-программные средства автоматизированных систем управления  |f Н. Р. Андронатий, А. А. Федулов, О. В. Щербаков  |g Академия наук Молдавской ССР (АН МССР), Институт математики с вычислительным центром (ИМсВЦ) ; под ред. В. П. Грабовецкого 
210 |a Кишинев  |c Штиинца  |d 1989 
215 |a 233,[1] с.  |c ил.  |d 22 см 
314 |a Вариант имени автора: Андронатий, Николай Радионович см. 
320 |a Библиогр.: с. 231-232 (31 назв.) 
606 1 |a Автоматизированные системы планирования и управления  |2 stltpush  |3 (RuTPU)RU\TPU\subj\615  |9 29488 
610 1 |a программное обеспечение 
610 1 |a технические средства 
610 1 |a аппаратно-программные средства 
610 1 |a построение 
610 1 |a использование 
610 1 |a математическое обеспечение 
675 |a 658.5.011.56:681.3  |z rus 
700 1 |a Андронатий  |b Н. Р.  |g Николай Родионович 
701 1 |a Федулов  |b А. А.  |g Андрей Александрович 
701 1 |a Щербаков  |b О. В.  |g Олег Вячеславович 
702 1 |a Грабовецкий  |b В. П.  |4 340 
712 0 2 |a Академия наук Молдавской ССР (АН МССР)  |b Институт математики с вычислительным центром (ИМсВЦ)  |2 stltpush  |3 (RuTPU)RU\TPU\col\15145 
801 0 |a RU  |b RuMRKP  |c 19950417  |g psbo 
801 1 |a RU  |b 63413507  |c 20140219 
801 2 |a RU  |b 63413507  |c 20140306  |g RCR 
942 |c BK